[Event "World Blitz 2015"]
[Site "Berlin GER"]
[Date "2015.10.13"]
[Round "1.33"]
[White "Naumann, Alexander"]
[Black "Bruzon Batista, Lazaro"]
[Result "1-0"]
[WhiteTitle "GM"]
[BlackTitle "GM"]
[WhiteElo "2545"]
[BlackElo "2659"]
[WhiteFideId "4623169"]
[BlackFideId "3503739"]
[EventDate "2015.10.13"]

1. d4 Nf6 2. c4 e6 3. g3 d5 4. Nf3 Bb4+ 5. Bd2 Bd6 6. Nc3 O-O 7. Qc2 Nbd7 8. Bg2
c6 9. b3 dxc4 10. bxc4 e5 11. dxe5 Nxe5 12. Nxe5 Bxe5 13. O-O Be6 14. c5 Qd4 15.
Rab1 Rab8 16. Ne4 Nxe4 17. Bxe4 f5 18. Bf3 Qc4 19. Qxc4 Bxc4 20. a4 Rbd8 21. Be3
Rd7 22. Rfd1 Rfd8 23. Rxd7 Rxd7 24. h4 Kf7 25. Kg2 Ba6 26. h5 Ke6 27. h6 g6 28.
Bg5 Bf6 29. Be3 Bd4 30. Rd1 Bxe3 31. Rxd7 Kxd7 32. fxe3 Ke6 33. Kh3 Kf6 34. g4
Kg5 35. gxf5 gxf5 36. Kg3 Bc4 37. a5 a6 38. e4 f4+ 39. Kf2 Kxh6 40. Bg4 Kg5 41.
Bc8 Kf6 42. Bxb7 Bb5 43. Kf3 Ke5 44. Bc8 h5 45. Bd7 Ba4 46. Bc8 Bb5 47. Bd7 h4
48. e3 fxe3 49. Kxe3 Ba4 50. Bc8 Bc2 51. Bxa6 h3 52. Bf1 Bxe4 53. Bxh3 Bc2 54.
a6 1-0

[Event "World Blitz 2015"]
[Site "Berlin GER"]
[Date "2015.10.13"]
[Round "1.34"]
[White "Iturrizaga Bonelli, Eduardo"]
[Black "Sanal, Vahap"]
[Result "1-0"]
[WhiteTitle "GM"]
[BlackTitle "IM"]
[WhiteElo "2641"]
[BlackElo "2501"]
[WhiteFideId "3901211"]
[BlackFideId "6300545"]
[EventDate "2015.10.13"]

1. Nf3 Nf6 2. c4 d6 3. d4 g6 4. g3 Bg7 5. Bg2 O-O 6. Nc3 Nc6 7. O-O a6 8. Bf4
Rb8 9. Rc1 Re8 10. d5 Na5 11. Qd3 c5 12. dxc6 bxc6 13. b3 e5 14. Bg5 h6 15. Bxf6
Bxf6 16. Rfd1 Nb7 17. Qe3 Bg7 18. Qa7 Be6 19. Qxa6 Qc7 20. Qa3 Nc5 21. Nd2 f5
22. b4 Nd7 23. b5 e4 24. bxc6 Qxc6 25. Nb5 Nc5 26. Nb3 Ra8 27. Qb4 Ra4 28. Qd2
Bxc4 29. Nxd6 Rd8 30. Nxc5 Qxc5 31. Qc2 Rxd6 32. Qxa4 Rxd1+ 33. Qxd1 Qb5 34. a4
Qa6 35. a5 Bxe2 36. Qd8+ Kh7 37. Bf1 Bxf1 38. Rxf1 e3 39. fxe3 Qe2 40. Qb6 h5
41. Rf2 Qd1+ 42. Rf1 Qc2 43. a6 h4 44. a7 h3 45. Qb7 Qe2 46. a8=Q Qxe3+ 47. Kh1 1-0

[Event "World Blitz 2015"]
[Site "Berlin GER"]
[Date "2015.10.13"]
[Round "1.35"]
[White "Shchekachev, Andrei"]
[Black "Fressinet, Laurent"]
[Result "0-1"]
[WhiteTitle "GM"]
[BlackTitle "GM"]
[WhiteElo "2531"]
[BlackElo "2702"]
[WhiteFideId "4107730"]
[BlackFideId "608742"]
[EventDate "2015.10.13"]

1. Nf3 Nf6 2. c4 g6 3. Nc3 Bg7 4. e4 d6 5. d4 O-O 6. Be2 Nbd7 7. O-O e5 8. Qc2
Re8 9. Rd1 c6 10. d5 c5 11. Bg5 Qe7 12. a3 b6 13. b4 h6 14. Bd2 Nh5 15. g3 Ndf6
16. Nh4 Ng4 17. f3 Ngf6 18. Rab1 Nh7 19. bxc5 bxc5 20. Ng2 Ng5 21. Rf1 f5 22.
exf5 Bxf5 23. Ne4 Nf6 24. Bd3 Nfxe4 25. fxe4 Bg4 26. Ne3 Bh3 27. Rf2 Rf8 28. Bc3
Nf3+ 29. Kh1 Nd4 30. Qd2 Rxf2 31. Qxf2 Rf8 32. Qd2 Qf6 33. Qe1 Qf3+ 34. Kg1 h5 0-1

[Event "World Blitz 2015"]
[Site "Berlin GER"]
[Date "2015.10.13"]
[Round "1.36"]
[White "Tomashevsky, Evgeny"]
[Black "Stern, Rene"]
[Result "1/2-1/2"]
[WhiteTitle "GM"]
[BlackTitle "GM"]
[WhiteElo "2758"]
[BlackElo "2538"]
[WhiteFideId "4147235"]
[BlackFideId "4611799"]
[EventDate "2015.10.13"]

1. Nf3 Nf6 2. c4 e6 3. g3 d5 4. Bg2 Be7 5. O-O O-O 6. b3 c5 7. e3 Nc6 8. Bb2 b6
9. Nc3 dxc4 10. bxc4 Bb7 11. Qe2 Qc7 12. d3 a6 13. Rab1 Rab8 14. Ba1 Na7 15. Qc2
Bc6 16. a4 Ba8 17. a5 b5 18. cxb5 axb5 19. a6 Qa5 20. Qa2 Qxa2 21. Nxa2 Rb6 22.
Nc3 Rfb8 23. Bb2 b4 24. Ne2 Rxa6 25. Ra1 Bb7 26. Rxa6 Bxa6 27. Ra1 Rb6 28. Ne5
Bd6 29. Nc4 Bxc4 30. dxc4 Nc8 31. Nc1 Rb8 32. Nb3 Nd7 33. Ra7 Ne5 34. Bxe5 Bxe5
35. Rd7 Nb6 36. Rb7 Rxb7 37. Bxb7 Nxc4 38. Nxc5 Na5 39. Be4 b3 40. Kf1 b2 41.
Ke2 Nc4 42. Nb3 Na3 43. Nd2 f5 44. Bd3 Kf7 45. Nb1 Nxb1 46. Bxb1 g5 47. h3 h5
48. Kf3 g4+ 49. hxg4 hxg4+ 50. Kg2 Kf6 51. Kf1 Bc3 52. Ke2 Ke5 53. Kd3 Bb4 54.
Ba2 Kd6 55. e4 Bc5 56. exf5 Bxf2 57. fxe6 Bxg3 58. Ke3 Ke7 59. Ke2 Be5 60. Kf2
Kf6 61. Kg2 Bd6 62. Kf2 Kg5 63. Kg2 Kf4 64. Bb1 Bc5 65. Ba2 Bd6 66. Bb1 Be7 67.
Ba2 Bh4 68. Bb1 Ke3 69. Bf5 Kf4 70. Bb1 Be7 71. Ba2 Bd6 72. Bb1 Ke5 73. Ba2 Kf5
74. Kf2 Be7 75. Kg2 Bh4 76. Kh2 Ke5 77. Kg2 Kd6 78. Kh2 Kc5 79. Bb1 Kd5 80. Ba2+
Kd4 81. Kg2 Kc3 82. Bb1 Kb3 83. e7 Bxe7 84. Kg3 Bd6+ 85. Kxg4 1/2-1/2

[Event "World Blitz 2015"]
[Site "Berlin GER"]
[Date "2015.10.13"]
[Round "1.38"]
[White "Ghaem Maghami, Ehsan"]
[Black "Schmaltz, Roland"]
[Result "1-0"]
[WhiteTitle "GM"]
[BlackTitle "GM"]
[WhiteElo "2596"]
[BlackElo "2504"]
[WhiteFideId "12500739"]
[BlackFideId "4614054"]
[EventDate "2015.10.13"]

1. c4 Nf6 2. Nc3 g6 3. g3 Bg7 4. Bg2 O-O 5. d4 d6 6. e3 Nbd7 7. Nge2 e5 8. h3
Re8 9. b3 exd4 10. Nxd4 Nc5 11. Bb2 c6 12. O-O a5 13. Qc2 Qe7 14. Rad1 h5 15.
Rfe1 Nfe4 16. Nxe4 Nxe4 17. Nf3 Bxb2 18. Qxb2 a4 19. b4 a3 20. Qb3 Qf6 21. Qd3
Bxh3 22. Bxh3 Qxf3 23. Qc2 Qf6 24. Bg2 Ng5 25. f4 Nh7 26. b5 Rac8 27. bxc6 bxc6
28. Rd3 Qe7 29. Rxa3 Nf6 30. Rd3 d5 31. Qc3 Ra8 32. a3 h4 33. gxh4 Ng4 34. Re2
Qxh4 35. Qe1 Qh2+ 36. Kf1 Qh5 37. Kg1 dxc4 38. Rc3 Rad8 39. Bf3 Qf5 40. Qg3 Nf6
41. Rxc4 Re6 42. Kg2 Qb5 43. Rcc2 c5 44. e4 Rd3 45. f5 Nh5 46. Qg5 Re5 47. Bxh5
Qe8 48. Bf3 Rxa3 49. Rcd2 c4 50. Rd8 1-0

[Event "World Blitz 2015"]
[Site "Berlin GER"]
[Date "2015.10.13"]
[Round "1.39"]
[White "Olafsson, Helgi"]
[Black "Cheparinov, Ivan"]
[Result "1-0"]
[WhiteTitle "GM"]
[BlackTitle "GM"]
[WhiteElo "2549"]
[BlackElo "2681"]
[WhiteFideId "2300010"]
[BlackFideId "2905540"]
[EventDate "2015.10.13"]

1. d4 Nf6 2. c4 g6 3. Nc3 d5 4. cxd5 Nxd5 5. g3 Bg7 6. Bg2 Nb6 7. e3 c5 8. Nge2
cxd4 9. exd4 O-O 10. O-O Nc6 11. d5 Ne5 12. h3 Bd7 13. b3 Bf5 14. Nd4 Bd3 15.
Re1 Ba6 16. Bg5 Re8 17. Re3 Rc8 18. Rc1 h6 19. Bf4 Ned7 20. Ndb5 g5 21. Bc7 Rxc7
22. Nxc7 Qxc7 23. d6 Qd8 24. a4 exd6 25. Rxe8+ Qxe8 26. a5 Nc8 27. Nd5 Ne7 28.
Nc7 Qf8 29. Nxa6 bxa6 30. Qxd6 Ne5 31. Qxa6 Qb8 32. b4 g4 33. Qb7 Qd6 34. Qxa7
gxh3 35. Bxh3 Nf3+ 36. Kg2 Qd5 37. Qc5 Qe4 38. Qe3 Nh4+ 39. Kh2 Nf3+ 40. Kh1 Qb7
41. Bg2 Nf5 42. Qxf3 Qd7 43. Qa8+ Kh7 44. Qe4 Kg8 45. Bh3 Nxg3+ 46. Kg2 Qxh3+
47. Kxh3 Nxe4 48. a6 Nxf2+ 49. Kg2 Bd4 50. Rc4 Be3 51. Rc8+ Kg7 52. Re8 Bd4 53.
Rd8 Be3 54. b5 Ng4 55. Kf3 h5 56. Rd7 Ne5+ 57. Kxe3 Nxd7 58. a7 Nb6 59. Kd4 h4
60. Kc5 h3 61. Kxb6 h2 62. a8=Q 1-0

[Event "World Blitz 2015"]
[Site "Berlin GER"]
[Date "2015.10.13"]
[Round "1.40"]
[White "Guseinov, Gadir"]
[Black "Handke, Florian"]
[Result "1/2-1/2"]
[WhiteTitle "GM"]
[BlackTitle "GM"]
[WhiteElo "2634"]
[BlackElo "2531"]
[WhiteFideId "13401378"]
[BlackFideId "4634527"]
[EventDate "2015.10.13"]

1. e4 c5 2. Nf3 e6 3. d4 cxd4 4. Nxd4 Nc6 5. Nc3 Qc7 6. g3 a6 7. Bg2 d6 8. O-O
Bd7 9. Be3 Nxd4 10. Bxd4 Bc6 11. Re1 e5 12. Nd5 Bxd5 13. exd5 Be7 14. Bc3 Nf6
15. f4 Nd7 16. Qh5 O-O 17. Rad1 Bf6 18. f5 e4 19. Bxf6 Nxf6 20. Qe2 Qb6+ 21. Kh1
Qxb2 22. g4 h6 23. h4 Rac8 24. Rd2 e3 25. Rd3 Rxc2 26. Qf3 Rc1 27. Rxe3 Rxe1+
28. Rxe1 h5 29. gxh5 Rc8 30. h6 Rc1 31. Qg3 Rxe1+ 32. Qxe1 gxh6 33. Qg3+ Kh7 34.
Qxd6 Qd4 35. Qg3 Nxd5 36. Qb3 Qa1+ 37. Kh2 Qe5+ 38. Kh1 Qe1+ 39. Kh2 Qxh4+ 40.
Kg1 Qd4+ 41. Kh1 Qa1+ 42. Kh2 Qe5+ 43. Kh1 Qe1+ 44. Kh2 Qe5+ 45. Kh1 Qe1+ 1/2-1/2

[Event "World Blitz 2015"]
[Site "Berlin GER"]
[Date "2015.10.13"]
[Round "1.41"]
[White "Al-Sayed, Mohammed"]
[Black "Edouard, Romain"]
[Result "1-0"]
[WhiteTitle "GM"]
[BlackTitle "GM"]
[WhiteElo "2520"]
[BlackElo "2636"]
[WhiteFideId "12100196"]
[BlackFideId "633429"]
[EventDate "2015.10.13"]

1. d4 e6 2. c4 Bb4+ 3. Bd2 a5 4. Nf3 d6 5. g3 Qe7 6. Bg2 e5 7. O-O e4 8. Ne1
Bxd2 9. Qxd2 f5 10. f4 Nf6 11. Nc2 O-O 12. Ne3 c5 13. Nc3 Nc6 14. Ned5 Qd8 15.
e3 cxd4 16. exd4 Nxd5 17. Nxd5 Be6 18. Ne3 d5 19. c5 b5 20. Rfd1 b4 21. Bf1 Rb8
22. Be2 Kh8 23. Rac1 Qf6 24. h4 g6 25. Kf2 Kg7 26. Nc2 h6 27. Rh1 Rf7 28. Rcd1
a4 29. Ne3 Rd7 30. Rh2 Na5 31. Rhh1 Bf7 32. Qc2 b3 33. Qc3 Nc4 34. a3 Nxe3 35.
Kxe3 Qc6 36. Rdg1 Be6 37. Rh2 Kf7 38. Rhg2 Rdd8 39. g4 Rg8 40. gxf5 Bxf5 41. h5
Qf6 42. Qa5 Rbe8 43. hxg6+ Kg7 44. Qxa4 h5 45. Rg5 h4 46. Qa7+ Re7 47. Qb6 h3
48. Rh5 Qxb6 49. cxb6 Kf6 50. a4 Reg7 51. Rgg5 Bxg6 52. Rh6 Kf7 53. a5 h2 54.
Rxh2 Ra8 55. a6 Kf6 56. b7 Rd8 57. Rh6 1-0

[Event "World Blitz 2015"]
[Site "Berlin GER"]
[Date "2015.10.13"]
[Round "1.42"]
[White "Kovalenko, Igor"]
[Black "Petursson, Margeir"]
[Result "1-0"]
[WhiteTitle "GM"]
[BlackTitle "GM"]
[WhiteElo "2700"]
[BlackElo "2520"]
[WhiteFideId "14117908"]
[BlackFideId "2300028"]
[EventDate "2015.10.13"]

1. c4 e5 2. g3 c6 3. Nf3 e4 4. Nd4 d5 5. cxd5 Qxd5 6. Nc2 Nf6 7. Nc3 Qh5 8. Ne3
Bc5 9. Qc2 Bxe3 10. dxe3 Bf5 11. Bg2 Qg6 12. b3 Nbd7 13. Ba3 c5 14. Rd1 O-O 15.
Rd6 Rfe8 16. Nd5 Rac8 17. h3 h5 18. Bb2 Be6 19. Nf4 Qf5 20. O-O b6 21. Rfd1 Rc7
22. Qc3 Re7 23. Nxe6 Rxe6 24. Rxd7 Rxd7 25. Rxd7 Re8 26. Rd6 Re7 27. Qd2 1-0

[Event "World Blitz 2015"]
[Site "Berlin GER"]
[Date "2015.10.13"]
[Round "1.43"]
[White "Gajewski, Grzegorz"]
[Black "Rublevsky, Sergei"]
[Result "1-0"]
[WhiteTitle "GM"]
[BlackTitle "GM"]
[WhiteElo "2654"]
[BlackElo "2702"]
[WhiteFideId "1116207"]
[BlackFideId "4115309"]
[EventDate "2015.10.13"]

1. c4 e5 2. g3 Nf6 3. Bg2 d5 4. cxd5 Nxd5 5. Nc3 Nb6 6. d3 Bd6 7. Be3 O-O 8. Rc1
f5 9. Nf3 Nc6 10. O-O f4 11. Bd2 Bg4 12. Ne4 Qe7 13. b4 Kh8 14. Nc5 Rab8 15.
Nxb7 Bxb4 16. Rxc6 Bxd2 17. Qxd2 Rxb7 18. Rfc1 Nd5 19. Qa5 Rd8 20. a3 Rb2 21.
Nd2 Be6 22. Bxd5 Bxd5 23. Rxc7 Qf8 24. R7c5 Bg8 25. Rxe5 fxg3 26. hxg3 h6 27.
Nf3 Rdb8 28. Re3 Qf6 29. Qe5 Qf8 30. Nh4 Bh7 31. Rc7 Rb1+ 32. Kg2 R1b5 33. Qe7
Qg8 34. Rxa7 Rg5 35. Nf3 Rg6 36. Ne5 Qd5+ 37. f3 Rg5 38. Nf7+ Kg8 39. Qe8+ Rxe8
40. Rxe8# 1-0

[Event "World Blitz 2015"]
[Site "Berlin GER"]
[Date "2015.10.13"]
[Round "1.44"]
[White "Wojtaszek, Radoslaw"]
[Black "Svane, Rasmus"]
[Result "1-0"]
[WhiteTitle "GM"]
[BlackTitle "IM"]
[WhiteElo "2734"]
[BlackElo "2543"]
[WhiteFideId "1118358"]
[BlackFideId "4657101"]
[EventDate "2015.10.13"]

1. d4 d5 2. c4 c6 3. Nf3 Nf6 4. Nc3 dxc4 5. a4 Bf5 6. Ne5 Nbd7 7. Nxc4 Qc7 8.
Qd2 g6 9. Qf4 Qxf4 10. Bxf4 Bg7 11. e3 Nd5 12. Nxd5 cxd5 13. Na5 O-O 14. Nxb7 e5
15. dxe5 Nxe5 16. Nd6 Nd3+ 17. Bxd3 Bxd3 18. Kd2 Ba6 19. Rab1 d4 20. e4 Rab8 21.
b4 Rbd8 22. b5 Bc8 23. a5 f5 24. Nxc8 Rxc8 25. Bd6 fxe4 26. Bxf8 Rxf8 27. Rhf1
Bh6+ 28. Kd1 d3 29. Ke1 Rc8 30. b6 axb6 31. axb6 Rc2 32. Rh1 Re2+ 33. Kf1 Bf4
34. b7 Bb8 35. g3 Kf7 36. Kg2 e3 37. Kf3 exf2 38. Rhf1 g5 39. Rxf2 Re6 40. Rd2
Rd6 41. Rb3 1-0

[Event "World Blitz 2015"]
[Site "Berlin GER"]
[Date "2015.10.13"]
[Round "1.45"]
[White "Ganguly, Surya Shekhar"]
[Black "Eljanov, Pavel"]
[Result "0-1"]
[WhiteTitle "GM"]
[BlackTitle "GM"]
[WhiteElo "2652"]
[BlackElo "2717"]
[WhiteFideId "5002150"]
[BlackFideId "14102951"]
[EventDate "2015.10.13"]

1. d4 Nf6 2. Nf3 e6 3. c4 b6 4. e3 Bb7 5. Bd3 Bb4+ 6. Nbd2 O-O 7. O-O c5 8. a3
Bxd2 9. Bxd2 d6 10. b4 Ne4 11. Bc1 Nd7 12. Bb2 f5 13. Nd2 Nxd2 14. Qxd2 Qe7 15.
Rad1 e5 16. dxc5 bxc5 17. b5 Rf6 18. f4 Raf8 19. a4 Rg6 20. Rf2 exf4 21. exf4 h5
22. Re1 Qf7 23. Qc2 h4 24. h3 Rg3 25. a5 Ba8 26. Qe2 Qg6 27. Bc2 Kh7 28. Kf1 Nf6
29. Bxf6 Rxf6 30. Qd2 Kh6 31. Bd1 Be4 32. Bf3 Bxf3 33. Rxf3 Rxf3+ 34. gxf3 Qg3
35. Qg2 Qxf4 36. Re8 Kh7 37. Qe2 Rg6 38. Rd8 Qc1+ 0-1

[Event "World Blitz 2015"]
[Site "Berlin GER"]
[Date "2015.10.13"]
[Round "1.47"]
[White "Guliyev, Namig"]
[Black "Bocharov, Dmitry"]
[Result "1/2-1/2"]
[WhiteTitle "GM"]
[BlackTitle "GM"]
[WhiteElo "2579"]
[BlackElo "2560"]
[WhiteFideId "13400363"]
[BlackFideId "4138716"]
[EventDate "2015.10.13"]

1. e4 c5 2. Nf3 e6 3. d4 cxd4 4. Nxd4 a6 5. Bd3 Nf6 6. O-O Qc7 7. Qe2 d6 8. c4
g6 9. Nc3 Bg7 10. Nf3 Nbd7 11. Bf4 Nh5 12. Bd2 O-O 13. Rac1 b6 14. Be3 Bb7 15.
Qd2 Rfe8 16. Rfd1 Rad8 17. Bh6 f5 18. Bxg7 Nxg7 19. Re1 Nc5 20. Bb1 a5 21. b3
Rf8 22. Nd4 Kh8 23. Rcd1 Qf7 24. Ndb5 Ne8 25. e5 d5 26. Qg5 Ng7 27. Nd6 Qc7 28.
Ncb5 Qd7 29. Nxb7 Qxb7 30. Nd6 Qa8 31. cxd5 exd5 32. Qd2 Nge6 33. Qxd5 Qa7 34.
g3 Qg7 35. a3 Qe7 36. b4 axb4 37. axb4 Na4 38. Qb3 b5 39. Nxb5 Nb6 40. Nd6 f4
41. Ba2 Ng5 42. h4 fxg3 43. f4 Nh3+ 44. Kg2 Qxh4 45. Nf7+ Rxf7 46. Rxd8+ Qxd8
47. Qxf7 Qd2+ 48. Kxg3 Qxe1+ 49. Kxh3 Qh1+ 50. Kg4 Qg2+ 51. Kh4 Qh2+ 52. Kg5
Qg3+ 53. Kf6 Qxf4+ 54. Ke6 Qg4+ 55. Ke7 Qxb4+ 56. Kd8 Qd4+ 57. Kc7 Qxe5+ 58.
Kxb6 Qd4+ 59. Kc7 1/2-1/2

[Event "World Blitz 2015"]
[Site "Berlin GER"]
[Date "2015.10.13"]
[Round "1.48"]
[White "Nguyen, Ngoc Truong Son"]
[Black "Seel, Christian"]
[Result "1-0"]
[WhiteTitle "GM"]
[BlackTitle "IM"]
[WhiteElo "2634"]
[BlackElo "2474"]
[WhiteFideId "12401110"]
[BlackFideId "4663098"]
[EventDate "2015.10.13"]

1. e4 e5 2. Nf3 d6 3. d4 exd4 4. Nxd4 Nf6 5. Nc3 Be7 6. Be2 O-O 7. O-O Re8 8.
Re1 Bf8 9. Bf1 Nbd7 10. Bg5 c6 11. Qd2 h6 12. Bh4 Ne5 13. Rad1 Ng6 14. Bg3 Nh5
15. a4 a5 16. Bc4 Nxg3 17. hxg3 Ne5 18. Bb3 Bg4 19. f3 Bd7 20. Kh2 Qf6 21. Qf4
Qg6 22. Ba2 Rad8 23. Qd2 d5 24. exd5 Bd6 25. Ne4 Nxf3+ 26. gxf3 Rxe4 27. Rxe4
Qxg3+ 28. Kh1 cxd5 29. Bxd5 Bc5 30. Qg2 Qc7 31. Nb5 Bxb5 32. axb5 Bd6 33. Qg6
Rf8 34. Qxd6 Qxd6 35. Bxf7+ Rxf7 36. Rxd6 Rxf3 37. Rd7 Rf2 38. Rg4 Rxc2 39.
Rgxg7+ Kf8 40. Rdf7+ Ke8 41. Rxb7 Kf8 42. Rgc7 1-0

[Event "World Blitz 2015"]
[Site "Berlin GER"]
[Date "2015.10.13"]
[Round "1.49"]
[White "Kovalev, Vladislav"]
[Black "Dlugy, Maxim"]
[Result "1-0"]
[WhiteTitle "GM"]
[BlackTitle "GM"]
[WhiteElo "2546"]
[BlackElo "2518"]
[WhiteFideId "13504398"]
[BlackFideId "2000075"]
[EventDate "2015.10.13"]

1. d4 Nf6 2. Nc3 d5 3. Bf4 g6 4. e3 Bg7 5. h3 O-O 6. Nf3 c5 7. Be2 cxd4 8. exd4
Nc6 9. O-O Ne4 10. Bd3 Bf5 11. Ne2 Qb6 12. Rb1 Nb4 13. Nh4 Nxd3 14. cxd3 Nd6 15.
Be5 Bd7 16. Nc3 e6 17. Re1 Nb5 18. Nf3 Nxd4 19. Bxg7 Nxf3+ 20. Qxf3 Kxg7 21. h4
h5 22. Re5 Qd4 23. Qg3 Qg4 24. Qh2 Bc6 25. Rg5 Qd4 26. Qg3 Kh7 27. Re1 Rg8 28.
Ree5 Rg7 29. Ne2 Qxb2 30. Nf4 Kg8 31. Nxh5 Be8 32. Nxg7 Kxg7 33. h5 Qc1+ 34. Kh2
Qc6 35. Re3 Rc8 36. hxg6 fxg6 37. Qe5+ Kg8 38. Rh3 Qc7 39. Rh8+ Kf7 40. Rh7+ 1-0

[Event "World Blitz 2015"]
[Site "Berlin GER"]
[Date "2015.10.13"]
[Round "1.51"]
[White "Hasangatin, Ramil"]
[Black "Van Wely, Loek"]
[Result "1-0"]
[WhiteTitle "GM"]
[BlackTitle "GM"]
[WhiteElo "2509"]
[BlackElo "2632"]
[WhiteFideId "4122160"]
[BlackFideId "1000268"]
[EventDate "2015.10.13"]

1. e4 c5 2. Nf3 e6 3. g3 d5 4. exd5 Qxd5 5. Nc3 Qd7 6. d4 Nc6 7. d5 exd5 8. Qxd5
Nf6 9. Qxd7+ Bxd7 10. Bg5 Be7 11. O-O-O O-O-O 12. Bg2 h6 13. Bxf6 Bxf6 14. Nd5
Bd4 15. Nxd4 Nxd4 16. Ne7+ Kb8 17. c3 Ne2+ 18. Kc2 Rhe8 19. Nd5 Bf5+ 20. Kb3 Be6
21. Ka3 Nd4 22. Nf4 Nc2+ 23. Ka4 Bxa2 24. Rxd8+ Rxd8 25. Be4 Rd2 26. Rc1 c4 27.
Kb5 Bb3 28. f3 Rxh2 29. Nd5 Rd2 30. Kc5 g6 31. g4 h5 32. gxh5 gxh5 33. Rh1 a6
34. Rxh5 Ka7 35. Rh8 Rxd5+ 36. Bxd5 Ne3 37. Bxf7 Nd1 38. Bxc4 Bxc4 39. Kxc4
Nxb2+ 40. Kd4 a5 41. Rh2 Na4 42. f4 Nb6 43. f5 Nd7 44. Rh7 Nb8 45. f6 Nc6+ 46.
Ke4 Nd8 47. f7 Ne6 48. Kf5 Nf8 49. Rh8 Nd7 50. Rd8 1-0

[Event "World Blitz 2015"]
[Site "Berlin GER"]
[Date "2015.10.13"]
[Round "1.52"]
[White "Ponkratov, Pavel"]
[Black "Hovhannisyan, Mher"]
[Result "1/2-1/2"]
[WhiteTitle "GM"]
[BlackTitle "IM"]
[WhiteElo "2604"]
[BlackElo "2499"]
[WhiteFideId "4157800"]
[BlackFideId "13300865"]
[EventDate "2015.10.13"]

1. d4 d5 2. c4 c6 3. Nf3 Nf6 4. Qc2 a6 5. Nc3 b5 6. cxd5 cxd5 7. Bf4 Bb7 8. e3
e6 9. Bd3 Be7 10. a4 b4 11. Ne2 O-O 12. a5 Nc6 13. Qa4 Qd7 14. O-O Nh5 15. Bg5
f6 16. Bh4 g5 17. Bg3 Nxg3 18. hxg3 Rfc8 19. Nc1 Nb8 20. Qd1 Kg7 21. Nb3 Qe8 22.
Qe2 Nd7 23. e4 dxe4 24. Bxe4 Bxe4 25. Qxe4 Nf8 26. d5 exd5 27. Qxd5 Qf7 28.
Qxf7+ Kxf7 29. Nfd4 Ne6 30. Nxe6 Kxe6 31. Rfe1+ Kf7 32. Re2 Rc4 33. Rd1 Rd8 34.
Rxd8 Bxd8 35. f3 h5 36. Kf2 Rc6 37. Rd2 Be7 38. Ke3 Bd6 39. Kf2 Bc5+ 40. Ke2 Bd6
41. Nd4 Rc5 42. g4 hxg4 43. fxg4 Bf4 44. Rd3 Rxa5 45. Kf3 Ra1 46. Nf5 Rb1 47. b3
Be5 48. Ke4 Bc3 49. Rd7+ Kf8 50. Ra7 Rxb3 51. Ra8+ Kf7 52. Ra7+ Kf8 53. Ra8+ Kf7
54. Ra7+ 1/2-1/2

[Event "World Blitz 2015"]
[Site "Berlin GER"]
[Date "2015.10.13"]
[Round "1.53"]
[White "Kunin, Vitaly"]
[Black "Zvjaginsev, Vadim"]
[Result "1/2-1/2"]
[WhiteTitle "GM"]
[BlackTitle "GM"]
[WhiteElo "2556"]
[BlackElo "2660"]
[WhiteFideId "4128737"]
[BlackFideId "4113403"]
[EventDate "2015.10.13"]

1. d4 Nf6 2. Nf3 b6 3. g3 Bb7 4. Bg2 c5 5. c3 e6 6. O-O Be7 7. Nbd2 O-O 8. Re1
cxd4 9. cxd4 Nc6 10. a3 d5 11. b4 a5 12. b5 Na7 13. a4 Nc8 14. Ba3 Bxa3 15. Rxa3
Nd6 16. Rc3 Rc8 17. Qb3 Rxc3 18. Qxc3 Nfe4 19. Qb2 Qe7 20. Rc1 Nxd2 21. Nxd2 Rc8
22. e3 Nc4 23. Qa2 Nxd2 24. Qxd2 Rc4 25. Rxc4 dxc4 26. Bxb7 Qxb7 27. Qc3 Qd5 28.
e4 Qxe4 29. Qxc4 h5 30. h4 g6 31. Qc8+ Kg7 32. Qc3 Qd5 33. Qe3 Qc4 1/2-1/2

[Event "World Blitz 2015"]
[Site "Berlin GER"]
[Date "2015.10.13"]
[Round "1.54"]
[White "Riazantsev, Alexander"]
[Black "Rabiega, Robert"]
[Result "1-0"]
[WhiteTitle "GM"]
[BlackTitle "GM"]
[WhiteElo "2646"]
[BlackElo "2503"]
[WhiteFideId "4125029"]
[BlackFideId "4601475"]
[EventDate "2015.10.13"]

1. d4 d5 2. c4 dxc4 3. e3 e5 4. Bxc4 exd4 5. exd4 Nf6 6. Nc3 Be7 7. Nf3 O-O 8.
O-O Nbd7 9. Re1 Nb6 10. Bb3 c6 11. Bg5 Nbd5 12. h3 Be6 13. Na4 Nd7 14. Bxe7 Qxe7
15. Bxd5 cxd5 16. Qb3 Qd6 17. Rac1 b6 18. Nc3 a6 19. Na4 h6 20. Ne5 b5 21. Nc5
Nxc5 22. dxc5 Qc7 23. Qd3 Rad8 24. Qd4 Rfe8 25. Nd3 Bf5 26. Rxe8+ Rxe8 27. Nb4
Re4 28. Nxd5 Qd7 29. Qd1 Qe6 30. c6 1-0

[Event "World Blitz 2015"]
[Site "Berlin GER"]
[Date "2015.10.13"]
[Round "1.55"]
[White "Donchenko, Alexander"]
[Black "Movsesian, Sergei"]
[Result "0-1"]
[WhiteTitle "GM"]
[BlackTitle "GM"]
[WhiteElo "2577"]
[BlackElo "2658"]
[WhiteFideId "24603295"]
[BlackFideId "310204"]
[EventDate "2015.10.13"]

1. Nf3 d5 2. g3 c6 3. Bg2 Bg4 4. c4 e6 5. O-O Nf6 6. d3 Nbd7 7. cxd5 exd5 8. Nc3
Bc5 9. h3 Bh5 10. Qb3 Bb6 11. Na4 O-O 12. Nxb6 axb6 13. Bf4 Re8 14. Rfe1 Nc5 15.
Qc2 Ne6 16. Be5 Nd7 17. Bc3 b5 18. Nd4 Qb6 19. Nxe6 Rxe6 20. e4 dxe4 21. dxe4 b4
22. Bd2 Ne5 23. Be3 Qc7 24. Bf4 f6 25. g4 Bf7 26. Bg3 Rd8 27. f4 Nd3 28. Red1
Red6 29. Bf1 Qb6+ 30. Kh2 b3 31. Qc3 Nxf4 32. Rxd6 Rxd6 33. axb3 g5 34. e5 fxe5
35. Ra8+ Rd8 36. Rxd8+ Qxd8 37. Qxe5 Qd2+ 38. Kg1 h6 39. Qb8+ Kg7 40. Qe5+ Kh7
41. Qe7 Kg6 42. Bf2 Qxb2 43. h4 Qxb3 44. h5+ Kh7 45. Qf6 Qe6 46. Qb2 Qxg4+ 47.
Kh2 Qxh5+ 48. Kg1 Qg4+ 49. Kh2 Qd7 50. Qc2+ Bg6 51. Qc3 Nd5 52. Qd4 Qf5 53. Kg1
h5 54. Bg2 h4 55. Qb2 b5 56. Qa1 h3 57. Qa7+ Kh6 58. Bh1 Qg4+ 59. Kh2 Qf4+ 60.
Kg1 Nc3 61. Qd7 Ne2+ 62. Kf1 Ng3+ 63. Kg1 h2+ 64. Kg2 Be4+ 65. Kh3 Qh4# 0-1

[Event "World Blitz 2015"]
[Site "Berlin GER"]
[Date "2015.10.13"]
[Round "1.56"]
[White "Ragger, Markus"]
[Black "Piorun, Kacper"]
[Result "0-1"]
[WhiteTitle "GM"]
[BlackTitle "GM"]
[WhiteElo "2698"]
[BlackElo "2609"]
[WhiteFideId "1610856"]
[BlackFideId "1130420"]
[EventDate "2015.10.13"]

1. d4 d5 2. c4 dxc4 3. Nf3 Nf6 4. e3 b5 5. a4 b4 6. Bxc4 e6 7. O-O Be7 8. Nbd2
Bb7 9. Qe2 O-O 10. a5 a6 11. Rd1 Nbd7 12. e4 c5 13. e5 Nd5 14. dxc5 Nxc5 15. Nb3
Nxb3 16. Bxb3 Qc7 17. Bg5 Bxg5 18. Nxg5 Nf4 19. Qg4 Qxe5 20. Re1 Qf6 21. Bc2 h5
22. Qg3 Nxg2 23. Re5 h4 24. Bh7+ Kh8 25. Nxf7+ Rxf7 26. Qg5 Qxf2+ 27. Kh1 Qf1+ 0-1